000
00302nam a22001217a 4500
020
_a
8173713200
082
_2
22
_a
333.33
100
_a
Gillen, Terry.
245
_a
The appraisal discuession /
260
_a
New Delhi,
_b
University Press,
_c
c2000.
300
_a
71 p. ;
_b
ill. ;
_c
20 cm.
942
_2
ddc
_c
F
999
_c
2412
_d
2412